Correspondencia de don Juan de Aréchaga donde se informa ante el Obispo por no tomar en cuenta una Provisión.

Detalles Bibliográficos
Formato: Libro
Publicado: s.l., 1689
Materias:
Colección:Banco de datos
Acervo:Biblioteca Palafoxiana. Colección de Manuscritos
Descripción Física:1 f. ; 31 x 21 cm.
Tema general:Civil
LEADER 00410nam a22001330004500
035 |a 1614 
245 1 0 |a Correspondencia de don Juan de Aréchaga donde se informa ante el Obispo por no tomar en cuenta una Provisión. 
260 |a s.l., 1689 
300 |a 1 f. ; 31 x 21 cm. 
650 1 0 |a Civil 
949 |a 32282/035 
942 |c PALAMANU 
943 |g Biblioteca Palafoxiana. Colección de Manuscritos 
999 |c 1069559  |d 1069559